000 00434nam a22001577a 4500
020 _a0803906110
082 _a327.172072DED
100 _aDedring, Juergen
245 _aRecent advances in peace and conflict research
260 _aLondon
_bSage
_c1976
300 _a249p
_bill,:25cm
500 _aInclude Bibliography and Index
650 _aRecent advances in peace and conflict research
700 _aDavid, Singer
942 _cBK
999 _c14745
_d14745